000 00505cam a22001812 4500
001 0000008358
005 20151217160116.0
008 080315s xx 000 0 eng d
020 _a0521637449 :
_cKES 700
040 _aKABU
_cKABU
100 1 _aDunmore, Helen.
_@0000158919
245 1 0 _aGreat grandma's dancing dress /
_cHelen Dunmore.
260 _aCambridge :
_bC. U. P.,
_c1998.
300 _a32 p.
908 _a080315
950 _@1
999 _c14382
_d14382